<?xml version="1.0" encoding="UTF-8"?>
<collection xmlns="http://www.loc.gov/MARC21/slim">
 <record>
  <leader>07779nas a22007691  4500</leader>
  <controlfield tag="001">1/50322</controlfield>
  <controlfield tag="008">020726c19919999gr brzp           g0gre d</controlfield>
  <datafield tag="035" ind1=" " ind2=" ">
   <subfield code="l">23943</subfield>
  </datafield>
  <datafield tag="040" ind1=" " ind2=" ">
   <subfield code="a">GR-PeUP</subfield>
  </datafield>
  <datafield tag="090" ind1=" " ind2=" ">
   <subfield code="a">Αλφαβητική σειρά</subfield>
  </datafield>
  <datafield tag="245" ind1="0" ind2="0">
   <subfield code="a">Καρδιά &amp; Αγγεία.</subfield>
  </datafield>
  <datafield tag="246" ind1="1" ind2="2">
   <subfield code="a">Καρδιά και Αγγεία.</subfield>
  </datafield>
  <datafield tag="260" ind1=" " ind2=" ">
   <subfield code="a">Αθήνα :</subfield>
   <subfield code="b">Ελληνικό Ίδρυμα Καρδιολογίας,</subfield>
   <subfield code="c">1991-</subfield>
  </datafield>
  <datafield tag="300" ind1=" " ind2=" ">
   <subfield code="a">τ. ;</subfield>
   <subfield code="c">28 εκ.</subfield>
  </datafield>
  <datafield tag="310" ind1=" " ind2=" ">
   <subfield code="a">Διμηνιαίο.</subfield>
  </datafield>
  <datafield tag="362" ind1="0" ind2=" ">
   <subfield code="a">Τχ. 3 (Μάιος/Ιούν. 1996) - τομ. 8 τχ. 6 (Νοέμ./Δεκ. 2003).</subfield>
  </datafield>
  <datafield tag="362" ind1="0" ind2=" ">
   <subfield code="a">Τομ. IX, τχ. 1(Ιαν./Φεβρ. 2004) - τομ. XIII, τχ. 6 (Νοεμ./Δεκ. 2008).</subfield>
  </datafield>
  <datafield tag="534" ind1=" " ind2=" ">
   <subfield code="a">Κλειστό Βιβλιοστάσιο.</subfield>
  </datafield>
  <datafield tag="546" ind1=" " ind2=" ">
   <subfield code="a">Ελληνική.</subfield>
  </datafield>
  <datafield tag="710" ind1="2" ind2=" ">
   <subfield code="a">Ελληνικό Ιδρυμα Καρδιολογίας.</subfield>
  </datafield>
  <datafield tag="852" ind1=" " ind2=" ">
   <subfield code="a">INST</subfield>
   <subfield code="b">UNIPILB</subfield>
   <subfield code="c">SERIALS</subfield>
   <subfield code="e">20041123</subfield>
   <subfield code="h">Αλφαβητική σειρά</subfield>
   <subfield code="p">37893</subfield>
   <subfield code="q">37893</subfield>
   <subfield code="t">NOLOAN</subfield>
   <subfield code="v">τομ.9;τεύχ.2:(Μήνες)Μάρ./Απρ.;(Έτος)2004</subfield>
   <subfield code="y">23</subfield>
  </datafield>
  <datafield tag="852" ind1=" " ind2=" ">
   <subfield code="a">INST</subfield>
   <subfield code="b">UNIPILB</subfield>
   <subfield code="c">SERIALS</subfield>
   <subfield code="e">20041123</subfield>
   <subfield code="h">Αλφαβητική σειρά</subfield>
   <subfield code="p">37894</subfield>
   <subfield code="q">37894</subfield>
   <subfield code="t">NOLOAN</subfield>
   <subfield code="v">τομ.9;τεύχ.4:(Μήνες)Ιούλ./Αύγ.;(Έτος)2004</subfield>
   <subfield code="y">23</subfield>
  </datafield>
  <datafield tag="852" ind1=" " ind2=" ">
   <subfield code="a">INST</subfield>
   <subfield code="b">UNIPILB</subfield>
   <subfield code="c">SERIALS</subfield>
   <subfield code="e">20041123</subfield>
   <subfield code="h">Αλφαβητική σειρά</subfield>
   <subfield code="p">37895</subfield>
   <subfield code="q">37895</subfield>
   <subfield code="t">NOLOAN</subfield>
   <subfield code="v">τομ.9;τεύχ.1:(Μήνες)Ιαν./Φεβρ.;(Έτος)2004</subfield>
   <subfield code="y">23</subfield>
  </datafield>
  <datafield tag="852" ind1=" " ind2=" ">
   <subfield code="a">INST</subfield>
   <subfield code="b">UNIPILB</subfield>
   <subfield code="c">SERIALS</subfield>
   <subfield code="e">20041123</subfield>
   <subfield code="h">Αλφαβητική σειρά</subfield>
   <subfield code="p">37896</subfield>
   <subfield code="q">37896</subfield>
   <subfield code="t">NOLOAN</subfield>
   <subfield code="v">τομ.9;τεύχ.3:(Μήνες)Μάιος/Ιούν.;(Έτος)2004</subfield>
   <subfield code="y">23</subfield>
  </datafield>
  <datafield tag="852" ind1=" " ind2=" ">
   <subfield code="a">INST</subfield>
   <subfield code="b">UNIPILB</subfield>
   <subfield code="c">SERIALS</subfield>
   <subfield code="e">20041123</subfield>
   <subfield code="h">Αλφαβητική σειρά</subfield>
   <subfield code="p">37897</subfield>
   <subfield code="q">37897</subfield>
   <subfield code="t">NOLOAN</subfield>
   <subfield code="v">τομ.9;τεύχ.5:(Μήνες)Σεπ./Οκτ.;(Έτος)2004</subfield>
   <subfield code="y">23</subfield>
  </datafield>
  <datafield tag="852" ind1=" " ind2=" ">
   <subfield code="a">INST</subfield>
   <subfield code="b">UNIPILB</subfield>
   <subfield code="c">SERIALS</subfield>
   <subfield code="e">20050113</subfield>
   <subfield code="h">Αλφαβητική σειρά</subfield>
   <subfield code="p">38828</subfield>
   <subfield code="q">38828</subfield>
   <subfield code="t">NOLOAN</subfield>
   <subfield code="v">τομ.9;τεύχ.6:(Μήνες)Νοέμ./Δεκ.;(Έτος)2004</subfield>
   <subfield code="y">23</subfield>
  </datafield>
  <datafield tag="852" ind1=" " ind2=" ">
   <subfield code="a">INST</subfield>
   <subfield code="b">UNIPILB</subfield>
   <subfield code="c">SERIALS</subfield>
   <subfield code="e">20050301</subfield>
   <subfield code="h">Αλφαβητική σειρά</subfield>
   <subfield code="p">40682</subfield>
   <subfield code="q">40682</subfield>
   <subfield code="t">NOLOAN</subfield>
   <subfield code="v">τομ.10;τεύχ.1:(Μήνες)Ιαν./Φεβ.;(Έτος)2005</subfield>
   <subfield code="y">23</subfield>
  </datafield>
  <datafield tag="852" ind1=" " ind2=" ">
   <subfield code="a">INST</subfield>
   <subfield code="b">UNIPILB</subfield>
   <subfield code="c">SERIALS</subfield>
   <subfield code="e">20050517</subfield>
   <subfield code="h">Αλφαβητική σειρά</subfield>
   <subfield code="p">43172</subfield>
   <subfield code="q">43172</subfield>
   <subfield code="t">NOLOAN</subfield>
   <subfield code="v">τομ.10;τεύχ.2:(Μήνες)Μάρ./Απρ.;(Έτος)2005</subfield>
   <subfield code="y">23</subfield>
  </datafield>
  <datafield tag="852" ind1=" " ind2=" ">
   <subfield code="a">INST</subfield>
   <subfield code="b">UNIPILB</subfield>
   <subfield code="c">SERIALS</subfield>
   <subfield code="e">20050704</subfield>
   <subfield code="h">Αλφαβητική σειρά</subfield>
   <subfield code="p">44422</subfield>
   <subfield code="q">44422</subfield>
   <subfield code="t">NOLOAN</subfield>
   <subfield code="v">τομ.10;τεύχ.3:(Μήνες)Μάιος/Ιούν.;(Έτος)2005</subfield>
   <subfield code="y">23</subfield>
  </datafield>
  <datafield tag="852" ind1=" " ind2=" ">
   <subfield code="a">INST</subfield>
   <subfield code="b">UNIPILB</subfield>
   <subfield code="c">SERIALS</subfield>
   <subfield code="e">20050915</subfield>
   <subfield code="h">Αλφαβητική σειρά</subfield>
   <subfield code="p">46864</subfield>
   <subfield code="q">46864</subfield>
   <subfield code="t">NOLOAN</subfield>
   <subfield code="v">τομ.10;τεύχ.4:(Μήνες)Ιούλ./Αύγ.;(Έτος)2005</subfield>
   <subfield code="y">23</subfield>
  </datafield>
  <datafield tag="852" ind1=" " ind2=" ">
   <subfield code="a">INST</subfield>
   <subfield code="b">UNIPILB</subfield>
   <subfield code="c">SERIALS</subfield>
   <subfield code="e">20051026</subfield>
   <subfield code="h">Αλφαβητική σειρά</subfield>
   <subfield code="p">47966</subfield>
   <subfield code="q">47966</subfield>
   <subfield code="t">NOLOAN</subfield>
   <subfield code="v">τομ.10;τεύχ.5:(Μήνες)Σεπ./Οκτ.;(Έτος)2005</subfield>
   <subfield code="y">23</subfield>
  </datafield>
  <datafield tag="852" ind1=" " ind2=" ">
   <subfield code="a">INST</subfield>
   <subfield code="b">UNIPILB</subfield>
   <subfield code="c">SERIALS</subfield>
   <subfield code="e">20051219</subfield>
   <subfield code="h">Αλφαβητική σειρά</subfield>
   <subfield code="p">49237</subfield>
   <subfield code="q">49237</subfield>
   <subfield code="t">NOLOAN</subfield>
   <subfield code="v">τομ.10;τεύχ.6:(Μήνες)Νοέμ./Δεκ.;(Έτος)2005</subfield>
   <subfield code="y">23</subfield>
  </datafield>
  <datafield tag="852" ind1=" " ind2=" ">
   <subfield code="a">INST</subfield>
   <subfield code="b">UNIPILB</subfield>
   <subfield code="c">SERIALS</subfield>
   <subfield code="e">20060320</subfield>
   <subfield code="h">Αλφαβητική σειρά</subfield>
   <subfield code="p">50914</subfield>
   <subfield code="q">50914</subfield>
   <subfield code="t">NOLOAN</subfield>
   <subfield code="v">τομ.11;τεύχ.1:(Μήνες)Ιαν./Φεβ.;(Έτος)2006</subfield>
   <subfield code="y">23</subfield>
  </datafield>
  <datafield tag="852" ind1=" " ind2=" ">
   <subfield code="a">INST</subfield>
   <subfield code="b">UNIPILB</subfield>
   <subfield code="c">SERIALS</subfield>
   <subfield code="e">20060516</subfield>
   <subfield code="h">Αλφαβητική σειρά</subfield>
   <subfield code="p">51491</subfield>
   <subfield code="q">51491</subfield>
   <subfield code="t">NOLOAN</subfield>
   <subfield code="v">τομ.11;τεύχ.2:(Μήνες)Μάρ./Απρ.;(Έτος)2006</subfield>
   <subfield code="y">23</subfield>
  </datafield>
  <datafield tag="852" ind1=" " ind2=" ">
   <subfield code="a">INST</subfield>
   <subfield code="b">UNIPILB</subfield>
   <subfield code="c">SERIALS</subfield>
   <subfield code="e">20060705</subfield>
   <subfield code="h">Αλφαβητική σειρά</subfield>
   <subfield code="p">51788</subfield>
   <subfield code="q">51788</subfield>
   <subfield code="t">NOLOAN</subfield>
   <subfield code="v">τομ.11;τεύχ.3:(Μήνες)Μάιος/Ιούν.;(Έτος)2006</subfield>
   <subfield code="y">23</subfield>
  </datafield>
  <datafield tag="852" ind1=" " ind2=" ">
   <subfield code="a">INST</subfield>
   <subfield code="b">UNIPILB</subfield>
   <subfield code="c">SERIALS</subfield>
   <subfield code="e">20060919</subfield>
   <subfield code="h">Αλφαβητική σειρά</subfield>
   <subfield code="p">52786</subfield>
   <subfield code="q">52786</subfield>
   <subfield code="t">NOLOAN</subfield>
   <subfield code="v">τομ.11;τεύχ.4:(Μήνες)Ιούλ./Αύγ.;(Έτος)2006</subfield>
   <subfield code="y">23</subfield>
  </datafield>
  <datafield tag="852" ind1=" " ind2=" ">
   <subfield code="a">INST</subfield>
   <subfield code="b">UNIPILB</subfield>
   <subfield code="c">SERIALS</subfield>
   <subfield code="e">20070109</subfield>
   <subfield code="h">Αλφαβητική σειρά</subfield>
   <subfield code="p">54020</subfield>
   <subfield code="q">54020</subfield>
   <subfield code="t">NOLOAN</subfield>
   <subfield code="v">τομ.11;τεύχ.6:(Μήνες)Νοέμ./Δεκ.;(Έτος)2006</subfield>
   <subfield code="y">23</subfield>
  </datafield>
  <datafield tag="852" ind1=" " ind2=" ">
   <subfield code="a">INST</subfield>
   <subfield code="b">UNIPILB</subfield>
   <subfield code="c">SERIALS</subfield>
   <subfield code="e">20070411</subfield>
   <subfield code="h">Αλφαβητική σειρά</subfield>
   <subfield code="p">55149</subfield>
   <subfield code="q">55149</subfield>
   <subfield code="t">NOLOAN</subfield>
   <subfield code="v">τομ.12;τεύχ.2:(Μήνες)Μάρ./Απρ.;(Έτος)2007</subfield>
   <subfield code="y">23</subfield>
  </datafield>
  <datafield tag="852" ind1=" " ind2=" ">
   <subfield code="a">INST</subfield>
   <subfield code="b">UNIPILB</subfield>
   <subfield code="c">SERIALS</subfield>
   <subfield code="e">20070412</subfield>
   <subfield code="h">Αλφαβητική σειρά</subfield>
   <subfield code="p">55209</subfield>
   <subfield code="q">55209</subfield>
   <subfield code="t">NOLOAN</subfield>
   <subfield code="v">τομ.12;τεύχ.1:(Μήνες)Ιαν./Φεβ.;(Έτος)2007</subfield>
   <subfield code="y">23</subfield>
  </datafield>
  <datafield tag="852" ind1=" " ind2=" ">
   <subfield code="a">INST</subfield>
   <subfield code="b">UNIPILB</subfield>
   <subfield code="c">SERIALS</subfield>
   <subfield code="e">20070703</subfield>
   <subfield code="h">Αλφαβητική σειρά</subfield>
   <subfield code="p">56119</subfield>
   <subfield code="q">56119</subfield>
   <subfield code="t">NOLOAN</subfield>
   <subfield code="v">τομ.12;τεύχ.3:(Μήνες)Μάιος/Ιούν.;(Έτος)2007</subfield>
   <subfield code="y">23</subfield>
  </datafield>
  <datafield tag="852" ind1=" " ind2=" ">
   <subfield code="a">INST</subfield>
   <subfield code="b">UNIPILB</subfield>
   <subfield code="c">SERIALS</subfield>
   <subfield code="e">20071018</subfield>
   <subfield code="h">Αλφαβητική σειρά</subfield>
   <subfield code="p">57615</subfield>
   <subfield code="q">57615</subfield>
   <subfield code="t">NOLOAN</subfield>
   <subfield code="v">τομ.12;τεύχ.4:(Μήνες)Ιούλ./Αύγ.;(Έτος)2007</subfield>
   <subfield code="y">23</subfield>
  </datafield>
  <datafield tag="852" ind1=" " ind2=" ">
   <subfield code="a">INST</subfield>
   <subfield code="b">UNIPILB</subfield>
   <subfield code="c">SERIALS</subfield>
   <subfield code="e">20071115</subfield>
   <subfield code="h">Αλφαβητική σειρά</subfield>
   <subfield code="p">58430</subfield>
   <subfield code="q">58430</subfield>
   <subfield code="t">NOLOAN</subfield>
   <subfield code="v">τομ.12;τεύχ.5:(Μήνες)Σεπ./Οκτ.;(Έτος)2007</subfield>
   <subfield code="y">23</subfield>
  </datafield>
  <datafield tag="852" ind1=" " ind2=" ">
   <subfield code="a">INST</subfield>
   <subfield code="b">UNIPILB</subfield>
   <subfield code="c">SERIALS</subfield>
   <subfield code="e">20080108</subfield>
   <subfield code="h">Αλφαβητική σειρά</subfield>
   <subfield code="p">59272</subfield>
   <subfield code="q">59272</subfield>
   <subfield code="t">NOLOAN</subfield>
   <subfield code="v">τομ.12;τεύχ.6:(Μήνες)Νοέμ./Δεκ.;(Έτος)2007</subfield>
   <subfield code="y">23</subfield>
  </datafield>
  <datafield tag="852" ind1=" " ind2=" ">
   <subfield code="a">INST</subfield>
   <subfield code="b">UNIPILB</subfield>
   <subfield code="c">SERIALS</subfield>
   <subfield code="e">20080318</subfield>
   <subfield code="h">Αλφαβητική σειρά</subfield>
   <subfield code="p">60233</subfield>
   <subfield code="q">60233</subfield>
   <subfield code="t">NOLOAN</subfield>
   <subfield code="v">τομ.13;τεύχ.1:(Μήνες)Ιαν./Φεβ.;(Έτος)2008</subfield>
   <subfield code="y">23</subfield>
  </datafield>
  <datafield tag="852" ind1=" " ind2=" ">
   <subfield code="a">INST</subfield>
   <subfield code="b">UNIPILB</subfield>
   <subfield code="c">SERIALS</subfield>
   <subfield code="e">20080506</subfield>
   <subfield code="h">Αλφαβητική σειρά</subfield>
   <subfield code="p">60566</subfield>
   <subfield code="q">60566</subfield>
   <subfield code="t">NOLOAN</subfield>
   <subfield code="v">τομ.13;τεύχ.2:(Μήνες)Μάρ./Απρ.;(Έτος)2008</subfield>
   <subfield code="y">23</subfield>
  </datafield>
  <datafield tag="852" ind1=" " ind2=" ">
   <subfield code="a">INST</subfield>
   <subfield code="b">UNIPILB</subfield>
   <subfield code="c">SERIALS</subfield>
   <subfield code="e">20080702</subfield>
   <subfield code="h">Αλφαβητική σειρά</subfield>
   <subfield code="p">60906</subfield>
   <subfield code="q">60906</subfield>
   <subfield code="t">NOLOAN</subfield>
   <subfield code="v">τομ.13;τεύχ.3:(Μήνες)Μάιος/Ιούν.;(Έτος)2008</subfield>
   <subfield code="y">23</subfield>
  </datafield>
  <datafield tag="852" ind1=" " ind2=" ">
   <subfield code="a">INST</subfield>
   <subfield code="b">UNIPILB</subfield>
   <subfield code="c">SERIALS</subfield>
   <subfield code="e">20080908</subfield>
   <subfield code="h">Αλφαβητική σειρά</subfield>
   <subfield code="p">61426</subfield>
   <subfield code="q">61426</subfield>
   <subfield code="t">NOLOAN</subfield>
   <subfield code="v">τομ.13;τεύχ.4:(Μήνες)Ιούλ./Αύγ.;(Έτος)2008</subfield>
   <subfield code="y">23</subfield>
  </datafield>
  <datafield tag="852" ind1=" " ind2=" ">
   <subfield code="a">INST</subfield>
   <subfield code="b">UNIPILB</subfield>
   <subfield code="c">SERIALS</subfield>
   <subfield code="e">20081105</subfield>
   <subfield code="h">Αλφαβητική σειρά</subfield>
   <subfield code="p">61981</subfield>
   <subfield code="q">61981</subfield>
   <subfield code="t">NOLOAN</subfield>
   <subfield code="v">τομ.13;τεύχ.5:(Μήνες)Σεπ./Οκτ.;(Έτος)2008</subfield>
   <subfield code="y">23</subfield>
  </datafield>
  <datafield tag="852" ind1=" " ind2=" ">
   <subfield code="a">INST</subfield>
   <subfield code="b">UNIPILB</subfield>
   <subfield code="c">SERIALS</subfield>
   <subfield code="e">20090202</subfield>
   <subfield code="h">Αλφαβητική σειρά</subfield>
   <subfield code="p">62654</subfield>
   <subfield code="q">62654</subfield>
   <subfield code="t">NOLOAN</subfield>
   <subfield code="v">τομ.13;τεύχ.6:(Μήνες)Νοέμ./Δεκ.;(Έτος)2008</subfield>
   <subfield code="y">23</subfield>
  </datafield>
  <datafield tag="852" ind1=" " ind2=" ">
   <subfield code="a">INST</subfield>
   <subfield code="b">UNIPILB</subfield>
   <subfield code="c">SERIALS</subfield>
   <subfield code="e">20090408</subfield>
   <subfield code="h">Αλφαβητική σειρά</subfield>
   <subfield code="p">63868</subfield>
   <subfield code="q">63868</subfield>
   <subfield code="t">NOLOAN</subfield>
   <subfield code="v">τομ.14;τεύχ.1:(Μήνες)Ιαν./Φεβ.;(Έτος)2009</subfield>
   <subfield code="y">23</subfield>
  </datafield>
  <datafield tag="852" ind1=" " ind2=" ">
   <subfield code="a">INST</subfield>
   <subfield code="b">UNIPILB</subfield>
   <subfield code="c">SERIALS</subfield>
   <subfield code="e">20090922</subfield>
   <subfield code="h">Αλφαβητική σειρά</subfield>
   <subfield code="p">64710</subfield>
   <subfield code="q">64710</subfield>
   <subfield code="t">NOLOAN</subfield>
   <subfield code="v">τομ.14;τεύχ.4:(Μήνες)Ιούλ./Αύγ.;(Έτος)2009</subfield>
   <subfield code="y">23</subfield>
  </datafield>
  <datafield tag="852" ind1=" " ind2=" ">
   <subfield code="a">INST</subfield>
   <subfield code="b">UNIPILB</subfield>
   <subfield code="c">SERIALS</subfield>
   <subfield code="e">20091111</subfield>
   <subfield code="h">Αλφαβητική σειρά</subfield>
   <subfield code="p">65367</subfield>
   <subfield code="q">65367</subfield>
   <subfield code="t">NOLOAN</subfield>
   <subfield code="v">τομ.14;τεύχ.5:(Μήνες)Σεπ./Οκτ.;(Έτος)2009</subfield>
   <subfield code="y">23</subfield>
  </datafield>
  <datafield tag="856" ind1="4" ind2="1">
   <subfield code="u">http://www.elikar.gr</subfield>
  </datafield>
  <datafield tag="900" ind1=" " ind2=" ">
   <subfield code="a">Τομ. 14 Τχ. 6 (Νοέμ./Δεκ. 2009)</subfield>
   <subfield code="b">Οφειλόμενο</subfield>
   <subfield code="c">11/04/2010</subfield>
  </datafield>
  <datafield tag="900" ind1=" " ind2=" ">
   <subfield code="a">Τομ. 11 Τχ. 5 (Σεπ./Οκτ. 2006)</subfield>
   <subfield code="b">Οφειλόμενο</subfield>
   <subfield code="c">21/02/2007</subfield>
  </datafield>
  <datafield tag="900" ind1=" " ind2=" ">
   <subfield code="a">Τομ. 14 Τχ. 2 (Μάρ./Απρ. 2009)</subfield>
   <subfield code="b">Οφειλόμενο</subfield>
   <subfield code="c">25/08/2009</subfield>
  </datafield>
  <datafield tag="900" ind1=" " ind2=" ">
   <subfield code="a">Τομ. 14 Τχ. 3 (Μάιος/Ιούν. 2009)</subfield>
   <subfield code="b">Οφειλόμενο</subfield>
   <subfield code="c">04/10/2009</subfield>
  </datafield>
  <datafield tag="950" ind1=" " ind2=" ">
   <subfield code="a">01/01/2004</subfield>
   <subfield code="c">ΔΩΡΕΑ ΠΕΡΙΟΔΙΚΩΝ</subfield>
   <subfield code="d">83</subfield>
  </datafield>
  <datafield tag="951" ind1=" " ind2=" ">
   <subfield code="a">Τομ. 14 Τχ. 4 (Ιούλ./Αύγ. 2009) - Τομ. 14 Τχ. 5 (Σεπ./Οκτ. 2009)</subfield>
   <subfield code="b">Main run</subfield>
  </datafield>
  <datafield tag="951" ind1=" " ind2=" ">
   <subfield code="a">Τχ.3(Μάιος/Ιούν. 1996) -  (τ.VIII τχ.6(Νοεμ./Δεκ. 2003)</subfield>
   <subfield code="b">Main run</subfield>
  </datafield>
  <datafield tag="951" ind1=" " ind2=" ">
   <subfield code="a">Τομ. 9 Τχ. 1  (Ιαν. /Φεβρ. 2004)</subfield>
   <subfield code="b">Main run</subfield>
  </datafield>
  <datafield tag="951" ind1=" " ind2=" ">
   <subfield code="a">Τομ. 9 Τχ. 2 (Μάρ./Απρ. 2004) - Τομ. 9 Τχ. 6 (Νοέμ./Δεκ. 2004)</subfield>
   <subfield code="b">Main run</subfield>
  </datafield>
  <datafield tag="951" ind1=" " ind2=" ">
   <subfield code="a">Τομ. 10 Τχ. 1 (Ιαν./Φεβ. 2005) - Τομ. 10 Τχ. 6 (Νοέμ./Δεκ. 2005)</subfield>
   <subfield code="b">Main run</subfield>
  </datafield>
  <datafield tag="951" ind1=" " ind2=" ">
   <subfield code="a">Τομ. 11 Τχ. 1 (Ιαν./Φεβ. 2006) - Τομ. 11 Τχ. 4 (Ιούλ./Αύγ. 2006)</subfield>
   <subfield code="b">Main run</subfield>
  </datafield>
  <datafield tag="951" ind1=" " ind2=" ">
   <subfield code="a">Τομ. 11 Τχ. 6 (Νοέμ./Δεκ. 2006) - Τομ. 13 Τχ. 6 (Νοέμ./Δεκ. 2008)</subfield>
   <subfield code="b">Main run</subfield>
  </datafield>
  <datafield tag="951" ind1=" " ind2=" ">
   <subfield code="a">Τομ. 14 Τχ. 1 (Ιαν./Φεβ. 2009)</subfield>
   <subfield code="b">Main run</subfield>
  </datafield>
  <datafield tag="952" ind1=" " ind2=" ">
   <subfield code="a">(5, 6)1996, III(1, 3, 4)1998, VI(5)2001</subfield>
  </datafield>
 </record>
</collection>
